[Event "Open SSM A Agosto"]
[Site "Milano ITA"]
[Date "2013.07.31"]
[Round "1"]
[White "Bonazzi, Edoardo"]
[Black "Beltrami, Francesco"]
[WhiteElo "2082"]
[BlackElo "1873"]
[Result "1-0"]
[PlyCount "109"]
[EventDate "2013.07.31"]

1. Nf3 Nf6 2. c4 g6 3. Nc3 Bg7 4. e4 d6 5. d4 O-O 6. Be2 e5 7. O-O exd4 8. Nxd4
Nc6 9. Nc2 a6 10. Be3 Re8 11. f3 Be6 12. Nd5 Ne5 13. Qd2 Ned7 14. Rfd1 Bxd5 15.
cxd5 b6 16. Nd4 Nc5 17. b4 Na4 18. Rac1 Qd7 19. Rc2 b5 20. Rdc1 Rac8 21. Nc6
Ra8 22. Na5 Rec8 23. Rc6 Ne8 24. Qc2 Rcb8 25. Bf1 Nb6 26. Qf2 Nc4 27. Bxc4 bxc4
28. R1xc4 Rb5 29. a3 f5 30. Nb3 fxe4 31. fxe4 Qg4 32. Qf3 Qxf3 33. gxf3 Rab8
34. Rxa6 R5b7 35. Na5 Rb5 36. Nc6 Kf7 37. a4 R5b7 38. Nxb8 Rxb8 39. b5 Ke7 40.
Ra7 Kd8 41. b6 cxb6 42. Bg5+ Bf6 43. Bxf6+ Nxf6 44. Rcc7 b5 45. Rf7 Ne8 46.
axb5 h5 47. b6 g5 48. Rad7+ Kc8 49. b7+ Rxb7 50. Rxb7 g4 51. Ra7 Kb8 52. Rae7
Nc7 53. Rxc7 gxf3 54. Rce7 f2+ 55. Kxf2 1-0

[Event "Open SSM A Agosto"]
[Site "Milano ITA"]
[Date "2013.07.31"]
[Round "1"]
[White "Falchi, Claudio"]
[Black "Vezzosi, Paolo"]
[WhiteElo "1953"]
[BlackElo "2281"]
[Result "1/2-1/2"]
[PlyCount "73"]
[EventDate "2013.07.31"]

1. d4 Nf6 2. Nf3 g6 3. Bf4 Bg7 4. e3 d6 5. h3 O-O 6. Be2 Nbd7 7. O-O Qe8 8. c4
e5 9. Bh2 Ne4 10. Nbd2 Nxd2 11. Qxd2 e4 12. Ne1 b6 13. b4 a5 14. Nc2 axb4 15.
Nxb4 Bb7 16. Rac1 Ra7 17. Rc2 Qe6 18. Rfc1 c5 19. dxc5 bxc5 20. Nd5 Bc6 21. Nf4
Qe7 22. Nd5 Bxd5 23. Qxd5 Be5 24. Bxe5 Qxe5 25. Rd1 Qxd5 26. Rxd5 Ra6 27. Rcd2
Rfa8 28. Rxd6 Nf6 29. Rxa6 Rxa6 30. Bd1 Kf8 31. Bb3 Ke7 32. Kh2 Rb6 33. Ba4 Ra6
34. Bb3 Rb6 35. Ba4 Ra6 36. Bb3 Rb6 37. Ba4 1/2-1/2

[Event "Open SSM A Agosto"]
[Site "Milano ITA"]
[Date "2013.07.31"]
[Round "1"]
[White "Malescusi, Luciano"]
[Black "Cazzaniga, Walter"]
[WhiteElo "1909"]
[BlackElo "2156"]
[Result "0-1"]
[PlyCount "64"]
[EventDate "2013.07.31"]

1. Nf3 Nf6 2. d4 g6 3. c4 Bg7 4. Nc3 d6 5. Bf4 O-O 6. e3 Nc6 7. Be2 Nd7 8. h3
e5 9. Bh2 Re8 10. O-O e4 11. Nd2 f5 12. Nd5 Nf6 13. Rc1 Ne7 14. Qb3 Kh8 15.
Rfd1 c6 16. Nc3 a6 17. Qa3 d5 18. cxd5 Nexd5 19. Nxd5 Nxd5 20. Nc4 Be6 21. Be5
Bxe5 22. Nxe5 f4 23. exf4 Nxf4 24. Bc4 Bxc4 25. Nxc4 Ne2+ 26. Kh1 Nxc1 27. Rxc1
Qxd4 28. Nd6 Rf8 29. Qc3 Qxc3 30. Rxc3 Rxf2 31. Nxe4 Rxb2 32. Nd6 Kg7 0-1

[Event "Open SSM A Agosto"]
[Site "Milano ITA"]
[Date "2013.07.31"]
[Round "1"]
[White "Mariano, Elia"]
[Black "Delledonne, Francesco"]
[WhiteElo "2177"]
[BlackElo "1916"]
[Result "1-0"]
[PlyCount "97"]
[EventDate "2013.07.31"]

1. d4 e6 2. c4 f5 3. Nf3 Nf6 4. e3 c6 5. Bd3 d5 6. O-O Bd6 7. b3 Qe7 8. Bb2 O-O
9. Qc1 Nbd7 10. Ba3 Ne4 11. Bxd6 Qxd6 12. Nbd2 h6 13. Rd1 Ndf6 14. Ne5 Nxd2 15.
Qxd2 Nd7 16. f4 Nxe5 17. fxe5 Qe7 18. c5 Qh4 19. Rf1 a5 20. a3 Bd7 21. b4 Qd8
22. Rfb1 Rf7 23. bxa5 Be8 24. Rb6 g5 25. Rab1 Ra7 26. Be2 Rg7 27. a6 Qa8 28.
Rxb7 Rgxb7 29. axb7 Rxb7 30. Rxb7 Qxb7 31. Qb4 Qxb4 32. axb4 Kf8 33. Kf2 Ke7
34. Ke1 Kd8 35. Kd2 Kc7 36. Kc3 Bd7 37. b5 cxb5 38. Kb4 Be8 39. Bxb5 Bh5 40. g3
Bg6 41. Be2 Be8 42. h3 h5 43. h4 g4 44. Bb5 Bf7 45. Kc3 Bg6 46. Kd2 Bh7 47. Be8
Bg8 48. Bxh5 Kd7 49. Bg6 1-0

[Event "Open SSM A Agosto"]
[Site "Milano ITA"]
[Date "2013.07.31"]
[Round "1"]
[White "Miracola, Giorgia"]
[Black "Astengo, Corrado"]
[WhiteElo "1882"]
[BlackElo "2114"]
[Result "1/2-1/2"]
[PlyCount "46"]
[EventDate "2013.07.31"]

1. e4 c5 2. Nf3 e6 3. d4 cxd4 4. Nxd4 Nc6 5. Nc3 Qc7 6. Be3 a6 7. a4 Nf6 8. Be2
Bb4 9. O-O Bxc3 10. bxc3 Nxe4 11. Qd3 d5 12. Nxc6 bxc6 13. f3 Nd6 14. Bc5 O-O
15. Qe3 Nf5 16. Qg5 f6 17. Qh5 Rd8 18. a5 g6 19. Qg4 Rb8 20. Qa4 Re8 21. Rfb1
Rxb1+ 22. Rxb1 Nd6 23. Bxd6 Qxd6 1/2-1/2

[Event "Open SSM A Agosto"]
[Site "Milano ITA"]
[Date "2013.07.31"]
[Round "1"]
[White "Montoli, Marco"]
[Black "Calandra, Mauro"]
[WhiteElo "1963"]
[BlackElo "1711"]
[Result "1-0"]
[PlyCount "117"]
[EventDate "2013.07.31"]

1. c4 Nf6 2. g3 g6 3. Bg2 Bg7 4. Nc3 O-O 5. Nf3 d6 6. O-O Nbd7 7. d3 e5 8. Rb1
Re8 9. Qc2 Rb8 10. h3 b6 11. Be3 Bb7 12. Nd2 Bxg2 13. Kxg2 Nf8 14. b4 d5 15.
Bg5 d4 16. Nd5 c6 17. Nxf6+ Bxf6 18. Bxf6 Qxf6 19. Ne4 Qe7 20. c5 b5 21. a4 a6
22. Ra1 Ra8 23. Ra2 Ra7 24. Rfa1 f5 25. Nd6 Rea8 26. axb5 cxb5 27. Qb3+ Kg7 28.
f3 Ne6 29. Nxb5 Rb7 30. Qd5 f4 31. Qxe5+ Qf6 32. Qxf6+ Kxf6 33. Nd6 Rxb4 34.
Ne4+ Ke7 35. g4 Rb5 36. Rxa6 Rxa6 37. Rxa6 Nxc5 38. Nxc5 Rxc5 39. Ra7+ Kf6 40.
Rxh7 g5 41. Rd7 Ke5 42. Re7+ Kf6 43. Re4 Rd5 44. h4 gxh4 45. Rxf4+ Kg5 46. Re4
Kf6 47. Kh3 Kg6 48. Kxh4 Kf6 49. f4 Kg6 50. f5+ Kf6 51. Kg3 Kf7 52. Kf4 Kf6 53.
g5+ Kf7 54. Re5 Rd8 55. Ke4 Rd7 56. f6 Rd8 57. Kf5 Ra8 58. g6+ Kf8 59. f7 1-0

[Event "Open SSM A Agosto"]
[Site "Milano ITA"]
[Date "2013.07.31"]
[Round "1"]
[White "Moreschi, Mauro"]
[Black "Pelizzola, Danilo"]
[WhiteElo "1839"]
[BlackElo "2082"]
[Result "0-1"]
[PlyCount "130"]
[EventDate "2013.07.31"]

1. e4 c5 2. Nf3 Nc6 3. Bb5 d6 4. Bxc6+ bxc6 5. O-O e5 6. h3 Nf6 7. d3 Be7 8.
Na3 O-O 9. Bd2 Ne8 10. Nc4 Be6 11. Ne3 Qd7 12. Kh2 g6 13. b3 Ng7 14. Nc4 f5 15.
Qe2 Rae8 16. Ng5 Bxg5 17. Bxg5 f4 18. f3 Nh5 19. Bh4 Rf7 20. Bf2 Rg7 21. Rg1
Rf8 22. c3 Re8 23. Qd2 g5 24. d4 exd4 25. cxd4 d5 26. exd5 cxd5 27. Ne5 Qd6 28.
Ng4 c4 29. bxc4 dxc4 30. Qa5 Bxg4 31. hxg4 Nf6 32. Rge1 Rxe1 33. Rxe1 h5 34.
Qe5 Qxe5 35. dxe5 Nd5 36. gxh5 c3 37. Rc1 Rc7 38. a3 Kh7 39. g4 fxg3+ 40. Bxg3
Kh6 41. Rc2 Kxh5 42. Be1 Kg6 43. Bf2 Kf5 44. Bd4 a6 45. Kg1 Rc4 46. Ba7 Kxe5
47. Kf2 Rh4 48. Kg3 Ra4 49. Bc5 Rc4 50. Ba7 Kd6 51. Kf2 Kc6 52. Be3 Rh4 53. Re2
Rh2+ 54. Ke1 Rxe2+ 55. Kxe2 Nxe3 56. Kxe3 Kb5 57. Kd3 Ka4 58. Kxc3 Kxa3 59. Kd4
Kb3 60. Ke4 a5 61. Kf5 a4 62. Kxg5 a3 63. f4 a2 64. f5 a1=Q 65. f6 Qa8 0-1

[Event "Open SSM A Agosto"]
[Site "Milano ITA"]
[Date "2013.07.31"]
[Round "1"]
[White "Sonis, Francesco"]
[Black "Bemporad, Filippo"]
[WhiteElo "1733"]
[BlackElo "2029"]
[Result "0-1"]
[PlyCount "96"]
[EventDate "2013.07.31"]

1. e4 c5 2. Nf3 d6 3. d4 cxd4 4. Nxd4 Nf6 5. Nc3 e6 6. Be3 Be7 7. f3 a6 8. Qd2
O-O 9. O-O-O b5 10. Kb1 Bb7 11. g4 b4 12. Nce2 d5 13. e5 Nfd7 14. f4 Qc7 15.
Ng3 Nc6 16. Bd3 Nc5 17. Rhg1 Rfc8 18. Nh5 Ne4 19. Bxe4 dxe4 20. g5 Nxd4 21.
Bxd4 Bc5 22. Bxc5 Qxc5 23. Rg3 Bd5 24. Rdg1 Rc7 25. Nf6+ Kh8 26. Ng4 Rd8 27. b3
Rcc8 28. Qf2 Bb7 29. Qxc5 Rxc5 30. Ne3 Kg8 31. R3g2 Kf8 32. Re2 a5 33. Rd1 Rdc8
34. Red2 Rc3 35. Re1 R8c7 36. f5 Rxe3 37. Rxe3 exf5 38. Rf2 g6 39. Rh3 Ke7 40.
Rxh7 Ke6 41. Rh8 Kxe5 42. Re8+ Kd4 43. Rd8+ Ke3 44. Rdd2 Ba6 45. Kc1 f4 46. Rg2
f3 47. Rg4 Rc5 48. Kd1 Be2+ 0-1

[Event "Open SSM A Agosto"]
[Site "Milano ITA"]
[Date "2013.08.01"]
[Round "2"]
[White "Astengo, Corrado"]
[Black "Falchi, Claudio"]
[WhiteElo "2114"]
[BlackElo "1953"]
[Result "1/2-1/2"]
[PlyCount "75"]
[EventDate "2013.07.31"]

1. e4 b6 2. d4 Bb7 3. Nc3 e6 4. a3 Nf6 5. Bd3 c5 6. dxc5 Bxc5 7. Nf3 d5 8. Qe2
dxe4 9. Nxe4 Nxe4 10. Bxe4 Qc7 11. Bf4 Qc8 12. O-O Bxe4 13. Qxe4 Qc6 14. Qd3
Nd7 15. Rad1 Be7 16. Nd4 Qb7 17. Nb5 Rd8 18. Nc7+ Kf8 19. Qb5 Qc8 20. Rfe1 g5
21. Bg3 Kg7 22. Nd5 Qc5 23. Qe2 exd5 24. b4 Qc6 25. Qxe7 h6 26. Be5+ Nxe5 27.
Qxe5+ Kg6 28. g4 Qc8 29. Qe2 Rhe8 30. Qd3+ Kg7 31. h3 Qc4 32. Rxe8 Rxe8 33.
Qxc4 dxc4 34. Rd4 b5 35. Kf1 Re6 36. Rd5 Ra6 37. Rxb5 Rxa3 38. Ra5 1/2-1/2

[Event "Open SSM A Agosto"]
[Site "Milano ITA"]
[Date "2013.08.01"]
[Round "2"]
[White "Beltrami, Francesco"]
[Black "Malescusi, Luciano"]
[WhiteElo "1873"]
[BlackElo "1909"]
[Result "1-0"]
[PlyCount "131"]
[EventDate "2013.07.31"]

1. Nf3 g6 2. g3 Bg7 3. Bg2 c5 4. d4 cxd4 5. Nxd4 Nc6 6. c3 Nf6 7. O-O O-O 8. b3
d5 9. Bb2 e5 10. Nxc6 bxc6 11. c4 Re8 12. Nc3 Bb7 13. Na4 Qd6 14. Qc1 Bf8 15.
a3 Rad8 16. Rd1 Qb8 17. b4 Ba6 18. cxd5 cxd5 19. e3 Bc4 20. Rd2 Bb5 21. Nc3 Bc6
22. Qd1 Ne4 23. Nxe4 dxe4 24. Rc1 Rxd2 25. Qxd2 Rd8 26. Qc3 Bb5 27. Qxe5 Qxe5
28. Bxe5 f5 29. Bd4 a6 30. Bf1 Bg7 31. Bc4+ Kh8 32. Bxg7+ Kxg7 33. Bxb5 axb5
34. Rc7+ Kg8 35. Rb7 Ra8 36. Rxb5 Rxa3 37. Rb7 Rb3 38. b5 Kf8 39. b6 Ke8 40.
Rxh7 Rxb6 41. Kg2 Kf8 42. h3 Kg8 43. Rd7 Rb2 44. Rd4 Kg7 45. g4 Kf6 46. Rd6+
Kg5 47. Kg3 fxg4 48. hxg4 Rb5 49. Rd4 Re5 50. Ra4 Kf6 51. f4 exf3 52. Kxf3 g5
53. Ra6+ Kf7 54. Rd6 Ke7 55. Rd4 Ke6 56. Re4 Kf6 57. Rxe5 Kxe5 58. e4 Ke6 59.
Ke3 Ke5 60. Kd3 Kf4 61. Kd4 Kxg4 62. e5 Kf5 63. Kd5 g4 64. e6 g3 65. e7 g2 66.
e8=Q 1-0

[Event "Open SSM A Agosto"]
[Site "Milano ITA"]
[Date "2013.08.01"]
[Round "2"]
[White "Bemporad, Filippo"]
[Black "Miracola, Massimiliano"]
[WhiteElo "2029"]
[BlackElo "2128"]
[Result "0-1"]
[PlyCount "92"]
[EventDate "2013.07.31"]

1. d4 Nf6 2. Nf3 g6 3. c4 Bg7 4. Nc3 O-O 5. e4 d6 6. Be2 e5 7. O-O Nc6 8. d5
Ne7 9. Ne1 Nd7 10. Nd3 f5 11. Bd2 Nf6 12. f3 f4 13. g4 g5 14. Be1 h5 15. h3 Kf7
16. Bf2 Rh8 17. Kg2 Ng6 18. Rh1 Nh4+ 19. Bxh4 gxh4 20. c5 Nh7 21. b4 Ng5 22.
Nf2 hxg4 23. hxg4 h3+ 24. Nxh3 Nxh3 25. Rxh3 Rxh3 26. Kxh3 Bxg4+ 27. fxg4 Qh4+
28. Kg2 Qg3+ 29. Kf1 Rh8 30. Bf3 Rh2 31. Qe2 Rxe2 32. Kxe2 Qh2+ 33. Kd3 Qf2 34.
Be2 dxc5 35. b5 Bf8 36. Kc4 Qd4+ 37. Kb3 Kg6 38. Bc4 f3 39. a4 Bh6 40. Rd1 Bd2
41. Nb1 Qe3+ 42. Kc2 Bb4 43. Bd3 Kg5 44. Nd2 Bxd2 45. Rxd2 Qd4 46. Rh2 Qxa4+
0-1

[Event "Open SSM A Agosto"]
[Site "Milano ITA"]
[Date "2013.08.01"]
[Round "2"]
[White "Bracci, Andrea"]
[Black "Sonis, Francesco"]
[WhiteElo "1905"]
[BlackElo "1733"]
[Result "1-0"]
[PlyCount "81"]
[EventDate "2013.07.31"]

1. e4 c5 2. Nf3 d6 3. d4 cxd4 4. Nxd4 Nf6 5. Nc3 a6 6. a4 b6 7. g3 e5 8. Nde2
Bb7 9. Bg2 Be7 10. O-O O-O 11. h3 Nbd7 12. g4 Nc5 13. Ng3 h6 14. Be3 Rc8 15.
Qd2 Kh7 16. Rfd1 Ne8 17. Nd5 Bxd5 18. exd5 Bg5 19. Bxg5 Qxg5 20. Qxg5 hxg5 21.
Nf5 Rc7 22. Rd2 g6 23. Ne3 Nd7 24. Bf1 Ra7 25. Rd3 Nc5 26. Rc3 Rc7 27. b4 Nb7
28. Rc6 Rxc6 29. dxc6 Nd8 30. b5 axb5 31. axb5 Nc7 32. c4 Nde6 33. Ra7 Ra8 34.
Rb7 Ra1 35. Rxb6 Kg7 36. Rb7 Ra8 37. b6 Na6 38. Rd7 Rc8 39. Rxd6 Nd8 40. b7 Rb8
41. Nd5 1-0

[Event "Open SSM A Agosto"]
[Site "Milano ITA"]
[Date "2013.08.01"]
[Round "2"]
[White "Cazzaniga, Walter"]
[Black "Nicolo', Filippo"]
[WhiteElo "2156"]
[BlackElo "2059"]
[Result "0-1"]
[PlyCount "96"]
[EventDate "2013.07.31"]

1. d4 d5 2. c4 dxc4 3. e4 Nc6 4. d5 Ne5 5. Bf4 Ng6 6. Bg3 e5 7. Bxc4 Nf6 8. Nc3
a6 9. Nge2 Bd6 10. Qd2 Qe7 11. f3 O-O 12. Bf2 Bd7 13. g4 Bc5 14. Bxc5 Qxc5 15.
Bd3 Nh4 16. Ng1 Qxg1+ 17. Rxg1 Nxf3+ 18. Ke2 Nxd2 19. g5 Ndxe4 20. Bxe4 Nxe4
21. Nxe4 Rad8 22. Rac1 Bb5+ 23. Ke3 Rxd5 24. Rxc7 Rd3+ 25. Kf2 Bc6 26. Re1 Rfd8
27. Nc5 Rd2+ 28. Re2 Rxe2+ 29. Kxe2 Bb5+ 30. Ke1 b6 31. Nb7 Rf8 32. b3 f6 33.
a4 Bd3 34. h4 f5 35. h5 f4 36. h6 gxh6 37. gxh6 Rf6 38. Rd7 Bf5 39. Re7 Rxh6
40. Rxe5 Re6 41. Rxe6 Bxe6 42. b4 Kf8 43. a5 bxa5 44. bxa5 Ke7 45. Kf2 Kf6 46.
Nc5 Bc4 47. Ne4+ Ke5 48. Nd2 Bd5 0-1

[Event "Open SSM A Agosto"]
[Site "Milano ITA"]
[Date "2013.08.01"]
[Round "2"]
[White "Delledonne, Francesco"]
[Black "Moreschi, Mauro"]
[WhiteElo "1916"]
[BlackElo "1839"]
[Result "1/2-1/2"]
[PlyCount "95"]
[EventDate "2013.07.31"]

1. e4 d6 2. d4 Nf6 3. Nc3 e5 4. Nf3 Nbd7 5. g4 exd4 6. Qxd4 Nxg4 7. Bg5 f6 8.
Bh4 Nde5 9. Nd2 Be6 10. h3 Nh6 11. O-O-O g5 12. Bg3 Nhf7 13. f4 gxf4 14. Bxf4
c6 15. Qf2 Qc7 16. Be2 b6 17. Nb3 O-O-O 18. Nd4 Bd7 19. Be3 Be7 20. Nf5 Bxf5
21. Qxf5+ Kb8 22. Ba6 Rdf8 23. Rd4 Nd8 24. a4 Nb7 25. Rg1 Nc5 26. Be2 Qc8 27.
Qh5 Rfg8 28. Rdd1 Qe8 29. Qf5 Qc8 30. Rxg8 Qxg8 31. Rg1 Qe6 32. Bxc5 Qxf5 33.
Bxd6+ Bxd6 34. exf5 Bc5 35. Rg7 Be3+ 36. Kb1 Bg5 37. Ba6 h6 38. Ne4 Rd8 39.
Rb7+ Ka8 40. a5 Rd7 41. Rxd7 Nxd7 42. Nxg5 hxg5 43. axb6 axb6 44. Kc1 Ne5 45.
Be2 Kb7 46. Kd2 Kc7 47. Ke3 Kd6 48. Kd4 1/2-1/2

[Event "Open SSM A Agosto"]
[Site "Milano ITA"]
[Date "2013.08.01"]
[Round "2"]
[White "Montoli, Marco"]
[Black "Bonazzi, Edoardo"]
[WhiteElo "1963"]
[BlackElo "2082"]
[Result "1/2-1/2"]
[PlyCount "90"]
[EventDate "2013.07.31"]

1. c4 Nf6 2. g3 c5 3. Bg2 Nc6 4. Nc3 g6 5. Nf3 Bg7 6. O-O O-O 7. a3 d5 8. cxd5
Nxd5 9. Nxd5 Qxd5 10. d3 Qd6 11. Qc2 Bd7 12. Bf4 e5 13. Be3 b6 14. Rac1 Rac8
15. Nd2 Qe7 16. Nf3 h6 17. Qd2 Kh7 18. Ne1 Rfe8 19. Rb1 Nd4 20. Nf3 a5 21. Bxd4
exd4 22. Rfe1 c4 23. dxc4 Rxc4 24. b3 Rc7 25. Nxd4 Qxa3 26. e3 Rec8 27. Bd5 Qd6
28. Be4 Bc6 29. Bxc6 Rxc6 30. Red1 Rc5 31. b4 Rd5 32. bxa5 bxa5 33. Ra1 Qd8 34.
Ra4 Qb6 35. Qa2 Rcd8 36. Rb1 Qc7 37. Rc4 Qa7 38. Rd1 Bxd4 39. Rcxd4 Rxd4 40.
Rxd4 Rxd4 41. exd4 Kg8 42. Qa4 Qb6 43. Qe8+ Kg7 44. Qe5+ Qf6 45. Qxa5 Qxd4
1/2-1/2

[Event "Open SSM A Agosto"]
[Site "Milano ITA"]
[Date "2013.08.01"]
[Round "2"]
[White "Pelizzola, Danilo"]
[Black "Mariano, Elia"]
[WhiteElo "2082"]
[BlackElo "2177"]
[Result "1/2-1/2"]
[PlyCount "108"]
[EventDate "2013.07.31"]

1. e4 e6 2. d4 d5 3. Nc3 Nf6 4. Bg5 Bb4 5. e5 h6 6. Bd2 Bxc3 7. bxc3 Ne4 8. Bd3
Nxd2 9. Qxd2 c5 10. Nf3 Qa5 11. c4 Qxd2+ 12. Kxd2 dxc4 13. Bxc4 cxd4 14. Nxd4
Bd7 15. Rab1 Nc6 16. Nxc6 Bxc6 17. Ke3 O-O-O 18. f3 Rd7 19. Rhd1 Rhd8 20. Rxd7
Rxd7 21. a3 Bd5 22. Bd3 Rc7 23. g3 Rc3 24. Ra1 b6 25. f4 Bc6 26. Kd2 Rc5 27.
Kc1 Bb5 28. Bxb5 Rxb5 29. c3 g5 30. Kc2 gxf4 31. gxf4 f6 32. Re1 fxe5 33. fxe5
Kd7 34. Re4 h5 35. Ra4 a5 36. Re4 Rc5 37. Kd3 b5 38. Re1 Kc6 39. Re4 Rd5+ 40.
Kc2 Kd7 41. Kb3 Kc6 42. a4 Rc5 43. axb5+ Kxb5 44. c4+ Kb6 45. Kc3 a4 46. Kb4
Ra5 47. Re3 a3 48. Rxa3 Rxe5 49. c5+ Kc6 50. Ra6+ Kb7 51. Kb5 Re2 52. c6+ Kc8
53. h4 Re4 54. Ra4 Rxa4 1/2-1/2

[Event "Open SSM A Agosto"]
[Site "Milano ITA"]
[Date "2013.08.01"]
[Round "2"]
[White "Vezzosi, Paolo"]
[Black "Miracola, Giorgia"]
[WhiteElo "2281"]
[BlackElo "1882"]
[Result "1-0"]
[PlyCount "63"]
[EventDate "2013.07.31"]

1. c4 Nf6 2. g3 g6 3. Bg2 d5 4. cxd5 Nxd5 5. Nc3 Nb6 6. Nf3 Bg7 7. O-O O-O 8.
d3 Nc6 9. Be3 e5 10. Qd2 Nd4 11. Bh6 Bxh6 12. Qxh6 Qe7 13. Rac1 Nxf3+ 14. Bxf3
c6 15. Ne4 f6 16. Qe3 Bh3 17. Rfd1 Nd7 18. a3 f5 19. Ng5 f4 20. gxf4 Bf5 21.
fxe5 Nxe5 22. d4 Nxf3+ 23. Nxf3 Qf6 24. Ne5 Rad8 25. Qg3 Qe6 26. f3 c5 27. Rxc5
Qb3 28. Rcc1 Qxb2 29. e4 Be6 30. Rb1 Qc2 31. Qf2 Qc3 32. Rd3 1-0

[Event "Open SSM A Agosto"]
[Site "Milano ITA"]
[Date "2013.08.02"]
[Round "3"]
[White "Beltrami, Francesco"]
[Black "Bemporad, Filippo"]
[WhiteElo "1873"]
[BlackElo "2029"]
[Result "0-1"]
[PlyCount "54"]
[EventDate "2013.07.31"]

1. Nf3 c5 2. g3 b6 3. Bg2 Bb7 4. O-O Nf6 5. d3 g6 6. b3 Bg7 7. Bb2 O-O 8. e4 d6
9. Nbd2 Nc6 10. a4 Qc7 11. Nc4 Rad8 12. e5 dxe5 13. Ncxe5 Nd4 14. Bxd4 cxd4 15.
Re1 Nd5 16. Nc4 Rfe8 17. Qc1 Nb4 18. Re2 Bc6 19. Qd2 Nd5 20. Nfe5 Bb7 21. h4 f6
22. Ng4 e5 23. a5 b5 24. a6 Bc8 25. Nh6+ Bxh6 26. Qxh6 bxc4 27. bxc4 Ne7 0-1

[Event "Open SSM A Agosto"]
[Site "Milano ITA"]
[Date "2013.08.02"]
[Round "3"]
[White "Bonazzi, Edoardo"]
[Black "Pelizzola, Danilo"]
[WhiteElo "2082"]
[BlackElo "2082"]
[Result "1/2-1/2"]
[PlyCount "30"]
[EventDate "2013.07.31"]

1. Nf3 d5 2. c4 c6 3. g3 Nf6 4. Bg2 g6 5. b3 Bg7 6. Bb2 O-O 7. O-O Nbd7 8. d3
Re8 9. Nbd2 e5 10. e3 Qe7 11. Rc1 b6 12. cxd5 cxd5 13. Rc7 Qd6 14. Rc1 Ba6 15.
Nb1 Rac8 1/2-1/2

[Event "Open SSM A Agosto"]
[Site "Milano ITA"]
[Date "2013.08.02"]
[Round "3"]
[White "Bracci, Andrea"]
[Black "Astengo, Corrado"]
[WhiteElo "1905"]
[BlackElo "2114"]
[Result "0-1"]
[PlyCount "94"]
[EventDate "2013.07.31"]

1. e4 c5 2. Nf3 e6 3. d4 cxd4 4. Nxd4 Nc6 5. Nc3 Qc7 6. f4 a6 7. Be2 b5 8. Bf3
Bb7 9. Nxc6 Bxc6 10. O-O Be7 11. Qe2 d6 12. a3 Nf6 13. Kh1 O-O 14. g4 d5 15.
exd5 Nxd5 16. Nxd5 Bxd5 17. Bxd5 exd5 18. Be3 Rfe8 19. Qf2 Bd6 20. Rae1 Re4 21.
Bc1 Rae8 22. Rxe4 Rxe4 23. Re1 Rxe1+ 24. Qxe1 Qxc2 25. Qe8+ Bf8 26. Qe1 h6 27.
Qd2 Qe4+ 28. Qg2 Bc5 29. Qxe4 dxe4 30. f5 Bd4 31. Kg2 Kf8 32. b3 Ke7 33. Bf4
Kd7 34. Kf1 Kc6 35. Ke2 Kd5 36. Bc1 a5 37. Bd2 a4 38. bxa4 bxa4 39. Bb4 g6 40.
fxg6 fxg6 41. Bf8 h5 42. gxh5 gxh5 43. h3 Bc5 44. Bxc5 Kxc5 45. Ke3 Kd5 46. Ke2
Kd4 47. Kd2 h4 0-1

[Event "Open SSM A Agosto"]
[Site "Milano ITA"]
[Date "2013.08.02"]
[Round "3"]
[White "Calandra, Mauro"]
[Black "Cazzaniga, Walter"]
[WhiteElo "1711"]
[BlackElo "2156"]
[Result "0-1"]
[PlyCount "78"]
[EventDate "2013.07.31"]

1. e4 c5 2. d4 cxd4 3. c3 Nf6 4. e5 Nd5 5. cxd4 d6 6. Bc4 Nb6 7. Bb3 dxe5 8.
Qh5 e6 9. dxe5 Nc6 10. Nf3 Qd3 11. Nc3 Na5 12. Bd1 Bb4 13. Bd2 Nac4 14. Be2 Qg6
15. Qxg6 hxg6 16. Nb5 Nxd2 17. Nxd2 Nd5 18. a3 Be7 19. Bf3 a6 20. Bxd5 axb5 21.
Be4 Rh5 22. Nf3 Ra4 23. Bd3 Bd7 24. O-O g5 25. Rfe1 g4 26. Nd2 Rd4 27. Re3 Bg5
28. Rae1 Bxe3 29. Rxe3 Rd5 30. f4 Bc6 31. b4 Ke7 32. Nf1 Rd4 33. g3 Rh8 34. Kf2
f5 35. Ke2 Rc8 36. Bc2 Bg2 37. Nd2 Rh8 38. Nb3 Rc4 39. Bb1 Rxh2 0-1

[Event "Open SSM A Agosto"]
[Site "Milano ITA"]
[Date "2013.08.02"]
[Round "3"]
[White "Falchi, Claudio"]
[Black "Montoli, Marco"]
[WhiteElo "1953"]
[BlackElo "1963"]
[Result "0-1"]
[PlyCount "56"]
[EventDate "2013.07.31"]

1. e4 c5 2. Nc3 e6 3. g3 Nc6 4. Bg2 g6 5. d3 Bg7 6. f4 d6 7. Nf3 Nge7 8. O-O
O-O 9. Be3 Nd4 10. e5 Nef5 11. Bf2 h5 12. exd6 Qxd6 13. Nd2 Qc7 14. Nce4 Rd8
15. c3 Nc6 16. Nxc5 b6 17. Qf3 Nfe7 18. Nce4 Ba6 19. Nc4 Bb7 20. Rfe1 Rd7 21.
Qe2 Rad8 22. Rad1 Nd5 23. d4 Ba6 24. Ned2 Na5 25. Bf1 Rc8 26. Qf3 Bxc4 27. Nxc4
Nxc4 28. Rb1 Nd2 0-1

[Event "Open SSM A Agosto"]
[Site "Milano ITA"]
[Date "2013.08.02"]
[Round "3"]
[White "Malescusi, Luciano"]
[Black "Delledonne, Francesco"]
[WhiteElo "1909"]
[BlackElo "1916"]
[Result "1/2-1/2"]
[PlyCount "47"]
[EventDate "2013.07.31"]

1. b3 e5 2. Bb2 d6 3. c4 Nf6 4. Qc2 g6 5. e3 Bg7 6. d3 c6 7. Nf3 O-O 8. Be2 Qe7
9. Nbd2 a5 10. a3 Na6 11. O-O h6 12. Rfe1 Nh7 13. d4 f5 14. g3 g5 15. c5 d5 16.
Rac1 e4 17. Ne5 Qe8 18. f4 Nf6 19. Qd1 Be6 20. h3 Kh7 21. Kg2 Rg8 22. Kf2 Bf7
23. Rh1 Nd7 24. Nf1 1/2-1/2

[Event "Open SSM A Agosto"]
[Site "Milano ITA"]
[Date "2013.08.02"]
[Round "3"]
[White "Mariano, Elia"]
[Black "Vezzosi, Paolo"]
[WhiteElo "2177"]
[BlackElo "2281"]
[Result "1-0"]
[PlyCount "61"]
[EventDate "2013.07.31"]

1. d4 Nf6 2. c4 g6 3. Nc3 Bg7 4. e4 d6 5. Bd3 e5 6. d5 a5 7. Nge2 Na6 8. O-O
O-O 9. h3 Nd7 10. Be3 Ndc5 11. Bc2 f5 12. exf5 Bxf5 13. Ng3 Qh4 14. Bxf5 gxf5
15. Qh5 Qxh5 16. Nxh5 Bh8 17. f4 Nd3 18. Rab1 Nab4 19. fxe5 dxe5 20. Bh6 Rf7
21. a3 Ra6 22. Bd2 Nc2 23. Ng3 Nd4 24. Nb5 Nxb5 25. cxb5 Raf6 26. Bg5 Rg6 27.
Nxf5 Rxf5 28. Rxf5 e4 29. Rbf1 Bd4+ 30. Kh2 Bf2 31. b6 1-0

[Event "Open SSM A Agosto"]
[Site "Milano ITA"]
[Date "2013.08.02"]
[Round "3"]
[White "Moreschi, Mauro"]
[Black "Miracola, Giorgia"]
[WhiteElo "1839"]
[BlackElo "1882"]
[Result "1-0"]
[PlyCount "113"]
[EventDate "2013.07.31"]

1. e4 c5 2. Nf3 e6 3. b3 a6 4. Bb2 d5 5. Nc3 Nc6 6. d3 Be7 7. Ne2 Nf6 8. Ng3
O-O 9. Be2 b5 10. O-O Re8 11. Ne5 Nxe5 12. Bxe5 Bb7 13. Bf3 a5 14. a4 b4 15.
Re1 Qb6 16. Bf4 Rac8 17. e5 Nd7 18. Rc1 Red8 19. Qe2 c4 20. dxc4 dxc4 21. Bxb7
Qxb7 22. Qg4 Nf8 23. Ne4 Ng6 24. Qf3 Qb6 25. Red1 Rd5 26. Nd6 Bxd6 27. exd6
Nxf4 28. Qxf4 c3 29. Rxd5 exd5 30. Qf5 Rd8 31. Qxd5 Rxd6 32. Qe4 Qd8 33. g3 h6
34. Qf5 Rf6 35. Qe4 Qd2 36. Rf1 Qd8 37. f4 Re6 38. Qf3 Qd4+ 39. Rf2 Re3 40.
Qa8+ Kh7 41. Qxa5 Qe4 42. Qe5 Re1+ 43. Rf1 Rxf1+ 44. Kxf1 Qh1+ 45. Ke2 Qxh2+
46. Kd3 Qd2+ 47. Kc4 Qf2 48. Kxb4 Qxg3 49. Qe4+ Kg8 50. a5 Qg1 51. Qe8+ Kh7 52.
Qxf7 Qd4+ 53. Qc4 Qa7 54. Qxc3 Qb8+ 55. Ka4 Qxf4+ 56. Qc4 Qb8 57. b4 1-0

[Event "Open SSM A Agosto"]
[Site "Milano ITA"]
[Date "2013.08.03"]
[Round "4"]
[White "Astengo, Corrado"]
[Black "Pelizzola, Danilo"]
[WhiteElo "2114"]
[BlackElo "2082"]
[Result "0-1"]
[PlyCount "52"]
[EventDate "2013.07.31"]

1. e4 e5 2. Nf3 Nc6 3. d4 exd4 4. Nxd4 Nf6 5. Nxc6 bxc6 6. e5 Qe7 7. Qe2 Nd5 8.
c4 Ba6 9. f4 O-O-O 10. a3 f6 11. Qe4 Nb6 12. c5 Bxf1 13. cxb6 Ba6 14. bxa7 Kb7
15. Be3 fxe5 16. fxe5 Re8 17. Bd4 d5 18. Qf3 Qh4+ 19. Bf2 Rxe5+ 20. Kd2 Qg5+
21. Kc2 Re2+ 22. Kb3 Bc4+ 23. Ka4 Rxb2 24. Nc3 Bb3+ 25. Ka5 d4+ 26. Nd5 Bxd5
0-1

[Event "Open SSM A Agosto"]
[Site "Milano ITA"]
[Date "2013.08.03"]
[Round "4"]
[White "Bemporad, Filippo"]
[Black "Vezzosi, Paolo"]
[WhiteElo "2029"]
[BlackElo "2281"]
[Result "0-1"]
[PlyCount "36"]
[EventDate "2013.07.31"]

1. d4 Nf6 2. Nf3 c5 3. e3 g6 4. Bd3 Bg7 5. O-O O-O 6. b3 b6 7. Bb2 Bb7 8. c4
cxd4 9. Nxd4 Na6 10. Nc3 d6 11. Be2 Nc5 12. Bf3 Qd7 13. Qe2 e5 14. Bxb7 exd4
15. Bxa8 dxc3 16. Bxc3 Rxa8 17. Qf3 Qb7 18. Qf4 Nh5 0-1